000 00896cam a2200205 4500
001 WB3927-02
008 030715n2003 000 0 eng u
035 _a(Sirsi) u123008
245 _aGuide to heritage management launched
260 _c2003
490 _aPlanning (for the Natural and Built Environment)
_v(1531) 11 July 2003, 3(1)
520 _aEnglish Heritage has published "Managing local authority heritage assets" to help councils secure the future of local landmarks, many of which are grade l and ll listed buildings. Copies are available free to download from http://www.english-heritage.org.uk or t +44 (0)870 333 1181.
590 _aWB
650 _aENGLISH HERITAGE
650 _aHISTORIC BUILDINGS
650 _aLISTED BUILDINGS
650 _aLOCAL AUTHORITIES
690 _aBUILT ENVIRONMENT-BUILDING MAINTENANCE AND REFURBISHMENT-BUILDING CONSERVATION
942 _n0
999 _c73044
_d73044